000 00216nam a22000857a 4500
008 170601b xxu||||| |||| 00| 0 eng d
100 _93201
_aSavitri
245 _aTales from Indian Classics
260 _aNew Delhi
_bCBT
_c2003
999 _c6513
_d6513